<?xml version="1.0" encoding="UTF-8"?>
<record
    xmlns:xsi="http://www.w3.org/2001/XMLSchema-instance"
    xsi:schemaLocation="http://www.loc.gov/MARC21/slim http://www.loc.gov/standards/marcxml/schema/MARC21slim.xsd"
    xmlns="http://www.loc.gov/MARC21/slim">

  <leader>03187nab a2200325uuc4500</leader>
  <controlfield tag="001">1392452</controlfield>
  <controlfield tag="005">20240202120239.0</controlfield>
  <controlfield tag="008">141119e20130605                    spa  </controlfield>
  <datafield tag="035" ind1=" " ind2=" ">
    <subfield code="a">1392452</subfield>
  </datafield>
  <datafield tag="040" ind1=" " ind2=" ">
    <subfield code="c">comduadb</subfield>
  </datafield>
  <datafield tag="041" ind1=" " ind2=" ">
    <subfield code="a">spa</subfield>
  </datafield>
  <datafield tag="100" ind1="1" ind2="0">
    <subfield code="a">Alba Talero, Luz Elena</subfield>
    <subfield code="4">aut</subfield>
    <subfield code="e">aut</subfield>
    <subfield code="9">498500</subfield>
  </datafield>
  <datafield tag="245" ind1="1" ind2="0">
    <subfield code="a">Recomendaciones para la cesaci&#xF3;n de la adicci&#xF3;n al tabaco en Colombia</subfield>
  </datafield>
  <datafield tag="520" ind1="3" ind2=" ">
    <subfield code="a">Introducci&#xF3;n. El tabaquismo es el principal factor de riesgo para enfermedades cr&#xF3;nicas que constituyen la mayor carga en Colombia. Objetivos. Generar recomendaciones de pr&#xE1;ctica cl&#xED;nica sobre eficacia y seguridad del tratamiento para la cesaci&#xF3;n de la adicci&#xF3;n al tabaco en adultos colombianos. Materiales y m&#xE9;todos. Se hizo una adaptaci&#xF3;n basada en la metodolog&#xED;a ADAPTE. Se buscaron gu&#xED;as de pr&#xE1;ctica cl&#xED;nica en Medline, EMBASE, CINAHL, LILACS y Cochrane. Se evalu&#xF3; la cesaci&#xF3;n aseis meses para consejer&#xED;a breve e intensiva, terapia de reemplazo nicot&#xED;nico, bupropi&#xF3;n, vareniclina, clonidina, nortriptilina, acupuntura, hipnosis, homeopat&#xED;a y la combinaci&#xF3;n de tratamientos. Se utiliz&#xF3; el German Instrument for Methodological Guideline Appraisal (DELBI) para evaluar las gu&#xED;as de pr&#xE1;ctica cl&#xED;nica. Se seleccionaron las gu&#xED;as con puntaje mayor de 60 % en rigor metodol&#xF3;gico y aplicabilidad en Colombia. Las preguntas sin evidencia fuerte se llevaron a consenso. Resultados. Se encontraron 925 referencias, se preseleccionaron 17 gu&#xED;as de pr&#xE1;ctica cl&#xED;nica y se escogieron 5 para adaptaci&#xF3;n. La consejer&#xED;a breve e intensiva, la terapia de reemplazo nicot&#xED;nico,el bupropi&#xF3;n, la nortriptilina y la vareniclina son eficaces en la cesaci&#xF3;n de tabaquismo (increment&#xF3; 5,1 % a 22,7 %). Los tratamientos alternativos no tienen eficacia demostrada en la cesaci&#xF3;n. El uso simult&#xE1;neo de diferentes formas de terapia de reemplazo nicot&#xED;nico es la &#xFA;nica combinaci&#xF3;n coneficacia demostrada (OR 1,9; IC95%: 1,3-2,7). Conclusiones. Existen diversas alternativas con eficacia demostrada para dejar de fumar. Los incrementos en las tasas de cesaci&#xF3;n son variables y la duraci&#xF3;n del efecto necesita mayor seguimiento. Para aplicar la consejer&#xED;a breve e intensiva en Colombia, se deben usar formatos est&#xE1;ndar. Se requieren evaluaciones econ&#xF3;micas para valorar el impacto y seleccionar las mejores intervenciones en el contexto colombiano.</subfield>
  </datafield>
  <datafield tag="650" ind1=" " ind2=" ">
    <subfield code="a">H&#xE1;bito de fumar - Prevenci&#xF3;n y control</subfield>
    <subfield code="9">188046</subfield>
  </datafield>
  <datafield tag="650" ind1=" " ind2=" ">
    <subfield code="a">Nicotina</subfield>
    <subfield code="9">1656</subfield>
  </datafield>
  <datafield tag="650" ind1=" " ind2="7">
    <subfield code="a">Gu&#xED;a de pr&#xE1;ctica cl&#xED;nica</subfield>
    <subfield code="2">dcs</subfield>
    <subfield code="9">184037</subfield>
  </datafield>
  <datafield tag="700" ind1="1" ind2="0">
    <subfield code="a">Murillo Moreno, Ra&#xFA;l Hernando</subfield>
    <subfield code="4">aut</subfield>
    <subfield code="e">aut</subfield>
    <subfield code="9">498501</subfield>
  </datafield>
  <datafield tag="700" ind1="1" ind2="0">
    <subfield code="a">Becerra, Nelci</subfield>
    <subfield code="4">aut</subfield>
    <subfield code="e">aut</subfield>
    <subfield code="9">704860</subfield>
  </datafield>
  <datafield tag="700" ind1="1" ind2="0">
    <subfield code="a">P&#xE1;ez, Nelson</subfield>
    <subfield code="4">aut</subfield>
    <subfield code="e">aut</subfield>
    <subfield code="9">446737</subfield>
  </datafield>
  <datafield tag="700" ind1="1" ind2="0">
    <subfield code="a">Ca&#xF1;as Arboleda, Alejandra</subfield>
    <subfield code="4">aut</subfield>
    <subfield code="e">aut</subfield>
    <subfield code="9">432271</subfield>
  </datafield>
  <datafield tag="700" ind1="1" ind2="0">
    <subfield code="a">Mosquera, Catalina</subfield>
    <subfield code="4">aut</subfield>
    <subfield code="e">aut</subfield>
    <subfield code="9">688681</subfield>
  </datafield>
  <datafield tag="700" ind1="1" ind2="0">
    <subfield code="a">Castillo, Juan Sebastian</subfield>
    <subfield code="4">aut</subfield>
    <subfield code="e">aut</subfield>
    <subfield code="9">536679</subfield>
  </datafield>
  <datafield tag="700" ind1="1" ind2="0">
    <subfield code="a">Camacho, Natalia</subfield>
    <subfield code="4">aut</subfield>
    <subfield code="e">aut</subfield>
  </datafield>
  <datafield tag="700" ind1="1" ind2="0">
    <subfield code="a">G&#xF3;mez, Javier</subfield>
    <subfield code="4">aut</subfield>
    <subfield code="e">aut</subfield>
    <subfield code="9">654448</subfield>
  </datafield>
  <datafield tag="700" ind1="1" ind2="0">
    <subfield code="a">Garc&#xED;a Herreros, Plutarco</subfield>
    <subfield code="4">aut</subfield>
    <subfield code="e">aut</subfield>
    <subfield code="9">688683</subfield>
  </datafield>
  <datafield tag="700" ind1="1" ind2="0">
    <subfield code="a">Bernal Pulido, Luis Gabriel</subfield>
    <subfield code="4">aut</subfield>
    <subfield code="e">aut</subfield>
    <subfield code="9">704484</subfield>
  </datafield>
  <datafield tag="773" ind1="0" ind2=" ">
    <subfield code="t">Biom&#xE9;dica (Bogot&#xE1;)</subfield>
    <subfield code="g">Vol. 33, No. 02, Jun. 2013, p. 186-204</subfield>
    <subfield code="w">317894</subfield>
    <subfield code="x">0120-4157</subfield>
    <subfield code="0">101744</subfield>
  </datafield>
  <datafield tag="942" ind1=" " ind2=" ">
    <subfield code="c">ARIMP</subfield>
  </datafield>
  <datafield tag="999" ind1=" " ind2=" ">
    <subfield code="c">697712</subfield>
    <subfield code="d">697712</subfield>
  </datafield>
</record>
